Going home / (Запис № 501852)

МАРК-запис
000 -LEADER
fixed length control field 01269nam a2200301Ma 4500
001 - CONTROL NUMBER
control field goinghomestee00stee
003 - CONTROL NUMBER IDENTIFIER
control field CaSfIA
005 - DATE AND TIME OF LATEST TRANSACTION
control field 20210118090240.0
007 - PHYSICAL DESCRIPTION FIXED FIELD--GENERAL INFORMATION
fixed length control field cr||||
008 - FIXED-LENGTH DATA ELEMENTS--GENERAL INFORMATION
fixed length control field 000505t19911973nyu d 000 1 eng d
040 ## - CATALOGING SOURCE
Original cataloging agency TnLvILS
Transcribing agency GSC
Modifying agency CaSfIA
020 ## - INTERNATIONAL STANDARD BOOK NUMBER
International Standard Book Number 9780671749415 (pbk.)
020 ## - INTERNATIONAL STANDARD BOOK NUMBER
International Standard Book Number 0671749412 (pbk.)
035 ## - SYSTEM CONTROL NUMBER
System control number (OCoLC)466140805
050 #4 - LIBRARY OF CONGRESS CALL NUMBER
Classification number PS3569.T33828
Item number G6 1991
082 04 - DEWEY DECIMAL CLASSIFICATION NUMBER
Classification number 813/.54
Edition number 21
100 1# - MAIN ENTRY--PERSONAL NAME
Personal name Steel, Danielle.
245 10 - TITLE STATEMENT
Title Going home /
Medium [electronic resource]
Statement of responsibility, etc Danielle Steel.
260 ## - PUBLICATION, DISTRIBUTION, ETC. (IMPRINT)
Place of publication, distribution, etc New York :
Name of publisher, distributor, etc Pocket Books,
Date of publication, distribution, etc [1991], c1973.
300 ## - PHYSICAL DESCRIPTION
Extent 385 p. ;
Dimensions 18 cm.
500 ## - GENERAL NOTE
General note "Her unforgettable first novel"--Cover.
506 ## - RESTRICTIONS ON ACCESS NOTE
Standardized terminology for access restriction Необхідна авторизація на https://archive.org/ (створення облікового запису безкоштовно)
506 ## - RESTRICTIONS ON ACCESS NOTE
Standardized terminology for access restriction Необхідна авторизація на https://openlibrary.org/ (створення облікового запису безкоштовно)
655 #7 - INDEX TERM--GENRE/FORM
Genre/form data or focus term Love stories.
Source of term gsafd
856 41 - ELECTRONIC LOCATION AND ACCESS
Uniform Resource Identifier <a href="http://www.archive.org/details/goinghomestee00stee">http://www.archive.org/details/goinghomestee00stee</a>
Public note Free eBook from the Internet Archive
856 42 - ELECTRONIC LOCATION AND ACCESS
Uniform Resource Identifier <a href="http://www.openlibrary.org/books/OL24208384M">http://www.openlibrary.org/books/OL24208384M</a>
Public note Additional information and access via Open Library
942 ## - ADDED ENTRY ELEMENTS (KOHA)
Koha item type ЕКнига

Немає доступних примірників.